The magic question : (Record no. 83220)

MARC details
000 -LEADER
fixed length control field 00899nam a22002657a 4500
005 - DATE AND TIME OF LATEST TRANSACTION
control field 20140708125456.0
010 ## - LCCN (DPL NO)
LC control number ENG-109635
020 ## - INTERNATIONAL STANDARD BOOK NUMBER
Terms of availability 240.00
International Standard Book Number 9781259098529
020 ## - INTERNATIONAL STANDARD BOOK NUMBER
Terms of availability 240.00
International Standard Book Number 1259098524
035 ## - SYSTEM CONTROL NUMBER
System control number EN-93168
037 ## - SOURCE OF ACQUISITION
Source of stock number/acquisition DBAD/PUB
082 ## - DEWEY DECIMAL CLASSIFICATION NUMBER
Classification number 658.4092
100 ## - MAIN ENTRY--PERSONAL NAME
Personal name Cottrell, David
245 00 - TITLE STATEMENT
Title The magic question :
Statement of responsibility, etc by David Cottrell
Remainder of title a simple question every leader dreams of answering /
260 ## - PUBLICATION, DISTRIBUTION, ETC. (IMPRINT)
Place of publication, distribution, etc New Delhi
Name of publisher, distributor, etc McGraw Hill Education
Date of publication, distribution, etc 2013
270 ## - ADDRESS
Address P-24, Green Park Extn.
City New Delhi
Postal code 110016
300 ## - PHYSICAL DESCRIPTION
Extent v,97p.
Dimensions 23cm(pbk)
500 ## - GENERAL NOTE
General note "What if every person in you rorganization asked..."--T.p.
500 ## - GENERAL NOTE
General note Includes bibliographical references (p. 95).
650 ## - SUBJECT ADDED ENTRY--TOPICAL TERM
Topical term or geographic name as entry element Leadership.
650 ## - SUBJECT ADDED ENTRY--TOPICAL TERM
Topical term or geographic name as entry element Teams in the workplace.
650 ## - SUBJECT ADDED ENTRY--TOPICAL TERM
Topical term or geographic name as entry element Communication in management.
650 ## - SUBJECT ADDED ENTRY--TOPICAL TERM
Topical term or geographic name as entry element Employee motivation
942 ## - ADDED ENTRY ELEMENTS (KOHA)
Source of classification or shelving scheme Dewey Decimal Classification
Item type English Books
Call number suffix COT
Classification part 658.4092
Holdings
Withdrawn status Lost status Not for loan Collection code Home library Current library Date acquired Source of acquisition Cost, normal purchase price Full call number Barcode Copy number Cost, replacement price Koha item type
    Not For Loan Non-fiction D.B.Act.Division D.B.Act.Division 02/04/2014 DBAD/PUB 240.00 658.4092 COT EN-93168 1 240.00 English Books

© Delhi Public Library
Hit Counter
free hit counter